000 01175nam a22002897a 4500
999 _c1483
_d1483
003 AR-CdUCM
008 190227b ||||| |||| 00| 0 spa d
020 _a9789972464461
040 _aMUNICIPALIDAD PROVINCIAL DEL CUSCO
_cBIBLIOTECA MUNICIPAL DEL CUSCO
082 _a333.910 /
_bR78
100 _aRojas Ayala, Hugo
_95624
245 _aRecursos hídricos e hidrobiológicos del Sur Oriente peruano :
_bpotencial, productividad y problemática /
260 _aLima :
_bUniversidad Nacional Mayor de San Marcos,
_c2011.
300 _a360 páginas. :
_bilustraciones ;
_c22.5 x14 cm.
505 _aContenido: Cuencas. -- Ambientes lenticos. -- Ambientes loticos. -- Aguas frías. -- Especia introducidas ...
650 _aRecursos hidrológicos
_95625
650 _aRecursos hidrobiológicos
_95626
650 _aRecursos hídricos
_944218
650 _aEcosistemas acuáticos
_946887
650 _aAgricultura
_9320
650 _aDepartamento Cusco
_946888
650 _aDepartamento Apurímac
_946889
650 _aDepartamento Madre de Dios
_946890
710 _aUniversidad Nacional Mayor de San Marcos
_95627
942 _2ddc
_cLIBROS
945 _arjall
_d2019-02-27